000 00689nam a2200193 u 4500
005 20240426063857.0
008 091026s2004 r 000 0 eng d
020 _a8496108104
035 _aUPN01000173450
049 _aCG
050 4 _aLB1139 W7
_bD5.3
100 1 _aDíez Vegas, Cristina
245 1 3 _aLa escritura colaborativa en educación infantil :
_bestrategias para el trabajo en el aula /
_cCristina Díez Vegas ; pról. Liliana Tolchinsky Landsmann.
260 _aBarcelona, Esp. :
_bICE, Universitat Barcelona :
_bHorsori,
_c2004.
300 _a190 p. :
_bil.
440 0 _aCuadernos de educación ;
_v43
650 4 _aEscritura
_xEstudio y enseñanza
_96154
905 _aLibro
999 _c145554
_d145554